| 000 | 00522nam a2200205Ia 4500 | ||
|---|---|---|---|
| 005 | 20230208113445.0 | ||
| 008 | 131103s9999 xx 000 0 und d | ||
| 020 | _a8170230411 | ||
| 040 | _aLoreto College | ||
| 041 | _aEnglish | ||
| 082 |
_a820.9 _bDAI |
||
| 100 | _aDaiches, David | ||
| 245 | 2 | _aA critical history of english literature | |
| 250 | _a2nd ed. | ||
| 260 |
_aNew Delhi _bAllied Pub _c1990 |
||
| 300 | _a4v. | ||
| 650 | _aEnglish Literature - History and criticism | ||
| 850 | _aLCLIB | ||
| 942 | _cBK | ||
| 999 |
_c7284 _d57763 |
||